000 01435nam0a22002771 4500
001 rc\4475956
005 20250612093624.0
021 _aRU
_b[69-11480]
035 _a(NLR Aleph) 008599216
090 _a8693178
_c8693178
100 _a20130416d1968 |||y0rusy50 ca
101 0 _arus
102 _aRU
105 _aa j |||||
200 1 _aУскоренные ресурсные испытания в машиностроении
_eЛекции, прочит. на семинаре по надежности и прогрессивным методам контроля качества продукции в дек. 1967 г. в Политехн. музее
_eДвойной вып.
_fВсесоюз. о-во "Знание". Политехн. музей Ком. стандартов, мер и измерит. приборов при Совете Министров СССР. Всесоюз. совет науч.-техн. о-в
210 _aМосква
_cЗнание
_d1968
215 _a88 с.
_cчерт.
_d20
300 _aПеред загл. авт.: Р.В. Кугель, д-р техн. наук
320 _aБиблиогр.: с. 87-88 (33 назв.)
606 _aМашины
_xИспытание на надежность
_2psbo
700 1 _aКугель
_bР.В.
_gРафаил Викторович
801 0 _aRU
_bNLR
_gpsbo
801 1 _aRU
_bELAR
_2rusmarc
852 _aNLR
_j69-4/5986
942 _cBOOK
980 _aNB